000 01386nam0a2200337 4500
001 RU\NLR\BIBL_A\011738170
005 20250122115923.0
010 _a978-5-9988-0585-1
_93000
021 _aRU
_bКН-П-18-038037
_9КН-П-18-2741
035 _a(NLR Aleph) 011738170
035 _a(RuMoRGB)009641508
090 _a11564243
_c11564243
100 _a20180626d2018 k y0rusy50 ca
101 0 _arus
102 _aRU
105 _ay zzzz000|1zy
200 1 _a100 и 1 цитата
_fИ. В. Сталин
_gсоставитель: Н. В. Илиевский
210 _aМосква
_cПроспект
_d2018
215 _a253 с.
_d20
320 _aБиблиогр. в подстроч. примеч.
517 1 _aСто и одна цитата
604 _1700#1$aСталин$bИ.В.$gИосиф Виссарионович$f1879 - 1953
_15012#$aЦитаты$2nlr_sh2$3RU\NLR\AUTH\661478903
_aСталин, Иосиф Виссарионович (1879 - 1953)
_tЦитаты
_92492634
_3RU\NLR\AUTH\661478903
686 1 _aТ3(2)7-8я48
686 1 _aФ61(2)8я48
700 1 _7ca
_8rus
_aСталин
_bИ. В.
_f1879-1953
_gИосиф Виссарионович
_9113460
_3RU\NLR\AUTH\773464
702 1 _aИлиевский
_bН. В.
_4220
942 _cBOOK
980 _aNBR
980 _aNB